Đánh giá hiệu quả kỹ thuật và tài chính của nghề lưới kéo và lưới rê ở tỉnh Kiên Giang : Luận văn tốt nghiệp Cao học. Chuyên ngành Quản lý nguồn lợi thủy sản

Khảo sát các yếu tố kỹ thuật và tài chính của nghề lưới kéo và lưới rê, thành phần loài cá được khai thác và những thuận lợi, khó khăn của nghề lưới kéo và lưới rê từ đó có giải pháp thích hợp....

Täydet tiedot

Tallennettuna:
Bibliografiset tiedot
Päätekijä: Lê, Duy Lam
Aineistotyyppi: Kirja
Kieli:Undetermined
Julkaistu: Cần Thơ Trường Đại Học Cần Thơ 2019
Aiheet:
Tagit: Lisää tagi
Ei tageja, Lisää ensimmäinen tagi!
Thư viện lưu trữ: Trung tâm Học liệu Trường Đại học Cần Thơ
LEADER 01164nam a2200205Ia 4500
001 CTU_231399
008 210402s9999 xx 000 0 und d
082 |a 639.22 
082 |b L104 
088 |a 8620305 
100 |a Lê, Duy Lam 
245 0 |a Đánh giá hiệu quả kỹ thuật và tài chính của nghề lưới kéo và lưới rê ở tỉnh Kiên Giang : 
245 0 |b Luận văn tốt nghiệp Cao học. Chuyên ngành Quản lý nguồn lợi thủy sản 
245 0 |c Lê Duy Lam ; Nguyễn Thanh Long (Cán bộ hướng dẫn) 
260 |a Cần Thơ 
260 |b Trường Đại Học Cần Thơ 
260 |c 2019 
520 |a Khảo sát các yếu tố kỹ thuật và tài chính của nghề lưới kéo và lưới rê, thành phần loài cá được khai thác và những thuận lợi, khó khăn của nghề lưới kéo và lưới rê từ đó có giải pháp thích hợp. 
650 |a Nguồn lợi thủy sản,Fishery resources 
980 |a Trung tâm Học liệu Trường Đại học Cần Thơ